Виргилiева Энеида на украинску мову перелыцевана (Запись № 11902515)

Подробности
000 -МАРКЕР
контрольное поле 01752nam0a2200337 4500
001 - ИДЕНТИФИКАТОР ЗАПИСИ
контрольное поле RU\NLR\BIBL_A\012100289
005 - ИДЕНТИФИКАТОР ВЕРСИИ
контрольное поле 20260408235118.0
035 ## - ДРУГИЕ СИСТЕМНЫЕ НОМЕРА
Идентификатор записи (NLR Aleph) 012100289
100 ## - ДАННЫЕ ОБЩЕЙ ОБРАБОТКИ
Данные общей обработки 20190925d1901 |||y0rusy50 ca
101 0# - ЯЗЫК РЕСУРСА
Язык текста, звукозаписи и т.д. украинский
102 ## - СТРАНА ПУБЛИКАЦИИ ИЛИ ПРОИЗВОДСТВА
Страна публикации Российская Федерация
105 ## - ПОЛЕ КОДИРОВАННЫХ ДАННЫХ: ТЕКСТОВЫЕ МАТЕРИАЛЫ, МОНОГРАФИЧЕСКИЕ
Кодированные данные о монографическом текстовом документе o|||z|||000gy
200 1# - ЗАГЛАВИЕ И СВЕДЕНИЯ ОБ ОТВЕТСТВЕННОСТИ
Основное заглавие Виргилiева Энеида на украинску мову перелыцевана
Первые сведения об ответственности сочинение И.П. Котляревского
205 ## - СВЕДЕНИЯ ОБ ИЗДАНИИ
Сведения об издании Изд. 12-е
210 ## - ПУБЛИКАЦИЯ, РАСПРОСТРАНЕНИЕ И ДР.
Место издания, распространения и т.д. Кiев
Имя издателя, распространителя и т. д. Книгопродавец Т.А. Губанов
Дата издания, распространения и т.д. 1901
215 ## - ФИЗИЧЕСКАЯ ХАРАКТЕРИСТИКА
Специфическое обозначение материала и объем 248 с.
Другие сведения о физической характеристике ил.
Размеры 18
300 ## - ОБЩИЕ ПРИМЕЧАНИЯ
Текст примечания На обл. авт. не указан
488 #0 - ДРУГИЕ ВЗАИМОСВЯЗАННЫЕ ПРОИЗВЕДЕНИЯ (ДОКУМЕНТЫ)
Встроенное поле 2001#$aЭнеида$fВергилий
-- 700#1$aВергилий Марон$bП.$f70-19 до н.э.$gПублий$3RU\NLR\AUTH\7710632
Заглавие Энеида
Автор Вергилий Марон, Публий (70-19 до н.э.)
500 ## - УНИФИЦИРОВАННОЕ ЗАГЛАВИЕ
-- ukr
Унифицированное заглавие Енеïда
Сведения, относящиеся к заглавию/сведения о виде, жанре, характере документа Переработка
Идентификатор авторитетной / нормативной записи RU\NLR\AUTH\559402
Системный номер авторитетной/нормативной записи 2631414
604 ## - ИМЯ И ЗАГЛАВИЕ КАК ПРЕДМЕТ
Связываемые данные 700#1$aВергилий Марон$bП.$gПублий$f70 - 19 до н.э.
-- 500##$a"Энеида"$2nlr_sh2$3RU\NLR\AUTH\66182063
Имя лица Вергилий Марон, Публий (70 - 19 до н.э.)
Заглавие "Энеида"
Системный номер авторитетной/нормативной записи 1227468
Идентификатор авторитетной/нормативной записи RU\NLR\AUTH\66182063
686 3# - ИНДЕКСЫ ДРУГИХ КЛАССИФИКАЦИЙ
Индекс Ш5(0)353.1-4Вергилий(укр)
686 0# - ИНДЕКСЫ ДРУГИХ КЛАССИФИКАЦИЙ
Индекс Ш6(2=Ук)5-5
700 #1 - ИМЯ ЛИЦА - ПЕРВИЧНАЯ ОТВЕТСТВЕННОСТЬ
Материалы, к которым относится поле ukr
Графика поля Кириллица
Начальный элемент ввода Котляревський
Часть имени, кроме начального элемента ввода I. П.
Даты 1769-1838
Расширение инициалов личного имени Iван Петрович
Идентификатор авторитетной/нормативной записи RU\NLR\AUTH\7719478
Системный номер авторитетной/нормативной записи 2550
702 #1 - ИМЯ ЛИЦА - ВТОРИЧНАЯ ОТВЕТСТВЕННОСТЬ
Материалы, к которым относится поле ukr
Графика поля Кириллица
Начальный элемент ввода Котляревський
Часть имени, кроме начального элемента ввода I. П.
Даты 1769-1838
Расширение инициалов личного имени Iван Петрович
Идентификатор авторитетной/нормативной записи RU\NLR\AUTH\7719478
Системный номер авторитетной/нормативной записи 2550
852 ## - МЕСТОНАХОЖДЕНИЕ И ШИФР ХРАНЕНИЯ
Идентификатор организации NLR
Шифр хранения (Call Number) 34.3.5.31
942 ## - ДОПОЛНИТЕЛЬНЫЕ ЭЛЕМЕНТЫ ЗАПИСИ (АБИС)
Тип экземпляра АБИС Книга
980 ## - КОЛЛЕКЦИЯ
Название коллекции Национальная библиография

Нет доступных экземпляров.